[Event "RUS-ch Rapid Men 2018"]
[Site "Sochi"]
[Date "2018.10.05"]
[Round "1"]
[White "Timofeev, Artyom"]
[Black "Avalyan, Artur"]
[Result "1/2-1/2"]
[WhiteElo "2588"]
[BlackElo "2347"]
[Annotator "ChessBase"]
[PlyCount "153"]
[EventDate "2018.10.05"]
[EventType "swiss"]
[EventCountry "RUS"]
[SourceTitle "playchess.com"]
[Source "ChessBase"]
[SourceQuality "1"]
[TimeControl "900+10"]

1. Nf3 {[%emt 0:00:00]} d5 {[%emt 0:00:00]} 2. g3 {[%emt 0:00:00]} Nf6 {[%emt 0:00:00]} 3. Bg2 {[%emt 0:00:00]} c6 {[%emt 0:00:02]} 4. O-O {[%emt 0:00:07]} Bf5 {[%emt 0:00:02]} 5. d3 {[%emt 0:00:04]} e6 {[%emt 0:00:05]} 6. Nbd2 {[%emt 0:00:11]} h6 {[%emt 0:00:11]} 7. c4 {[%emt 0:00:05]} Be7 {[%emt 0:00:13]} 8. b3 {[%emt 0:00:14]} O-O {[%emt 0:00:05]} 9. Bb2 {[%emt 0:00:02]} a5 {[%emt 0:00:19]} 10. a3 {[%emt 0:00:15]} Na6 {[%emt 0:00:39]} 11. Qc2 {[%emt 0:00:13]} Re8 {[%emt 0:00:21]} 12. Rad1 {[%emt 0:00:10]} Bh7 {[%emt 0:00:48]} 13. Ne5 {[%emt 0:00:12]} Nd7 {[%emt 0:01:44]} 14. Ndf3 {[%emt 0:00:26]} Nac5 {[%emt 0:01:52]} 15. Ng4 {[%emt 0:01:07]} Bf5 {[%emt 0:01:00]} 16. Qc3 {[%emt 0:00:45]} Nf6 {[%emt 0:00:43]} 17. Nge5 {[%emt 0:00:04]} Qc7 {[%emt 0:00:16]} 18. g4 {[%emt 0:00:43]} Bh7 19. h4 {[%emt 0:00:09]} Rad8 {[%emt 0:03:02]} 20. e3 {[%emt 0:00:33]} Qb6 {[%emt 0:00:39]} 21. g5 {[%emt 0:00:11]} Nh5 {[%emt 0:00:14]} 22. gxh6 {[%emt 0:00:37]} Qxb3 {[%emt 0:00:27]} 23. hxg7 {[%emt 0:00:39]} Qxc3 {[%emt 0:00:09]} 24. Bxc3 {[%emt 0:00:03]} f6 {[%emt 0:00:19]} 25. cxd5 {[%emt 0:01:07]} fxe5 {[%emt 0:00:37]} 26. dxc6 {[%emt 0:00:02]} Bxd3 {[%emt 0:00:44]} 27. Rfe1 {[%emt 0:00:09]} e4 {[%emt 0:00:18]} 28. Ne5 {[%emt 0:00:11]} bxc6 {[%emt 0:00:08]} 29. Bxa5 {[%emt 0:00:42]} Rc8 {[%emt 0:00:17]} 30. Bb4 {[%emt 0:00:17]} Nxg7 {[%emt 0:00:50]} 31. Bxc5 {[%emt 0:01:43]} Bxc5 {[%emt 0:00:01]} 32. Nxd3 {[%emt 0:00:02]} exd3 {[%emt 0:00:01]} 33. Rxd3 {[%emt 0:00:02]} Be7 {[%emt 0:00:07]} 34. a4 {[%emt 0:00:10]} Bxh4 {[%emt 0:00:11]} 35. Rc1 {[%emt 0:00:09]} c5 {[%emt 0:00:34]} 36. a5 {[%emt 0:00:03]} Rf8 {[%emt 0:00:32]} 37. Rd2 {[%emt 0:00:24]} Rf7 {[%emt 0:00:29]} 38. a6 {[%emt 0:00:05]} Ra7 {[%emt 0:00:06]} 39. Bb7 {[%emt 0:00:06]} Rc7 {[%emt 0:00:06]} 40. Rd6 {[%emt 0:01:19]} Be7 {[%emt 0:00:46]} 41. Rb6 {[%emt 0:00:09]} c4 {[%emt 0:00:08]} 42. Be4 {[%emt 0:00:04]} Kf7 {[%emt 0:00:15]} 43. Rb7 {[%emt 0:00:10]} Ne8 {[%emt 0:00:51]} 44. Rxc7 {[%emt 0:02:12]} Nxc7 {[%emt 0:00:01]} 45. Rxc4 {[%emt 0:00:01]} Nxa6 {[%emt 0:00:02]} 46. Ra4 {[%emt 0:00:02]} Bc5 {[%emt 0:00:03]} 47. Bd3 {[%emt 0:00:04]} Nc7 {[%emt 0:00:02]} 48. Rxa7 {[%emt 0:00:02]} Bxa7 {[%emt 0:00:01]} 49. Kg2 {[%emt 0:00:04]} Kf6 {[%emt 0:00:07]} 50. Kf3 {[%emt 0:00:05]} Nd5 {[%emt 0:00:07]} 51. Bc4 {[%emt 0:00:03]} Ne7 {[%emt 0:00:07]} 52. Ke4 {[%emt 0:00:04]} Nf5 {[%emt 0:00:10]} 53. Bb3 {[%emt 0:00:04]} Nd6+ {[%emt 0:00:08]} 54. Kf4 {[%emt 0:00:03]} Bb8 {[%emt 0:00:09]} 55. Kf3 {[%emt 0:00:01]} Nf7 {[%emt 0:00:06]} 56. Ke2 {[%emt 0:00:05]} Nd6 {[%emt 0:01:11]} 57. Kd3 {[%emt 0:00:08]} Ba7 {[%emt 0:00:10]} 58. Ba2 {[%emt 0:00:03]} Nf5 {[%emt 0:00:45]} 59. Bb3 {[%emt 0:00:04]} Nh6 {[%emt 0:00:11]} 60. Ke4 {[%emt 0:00:15]} Ng4 {[%emt 0:00:13]} 61. Kf3 {[%emt 0:00:02]} Ne5+ {[%emt 0:00:01]} 62. Ke4 {[%emt 0:00:04]} Bb6 {[%emt 0:00:06]} 63. Ba2 {[%emt 0:00:02]} Nd7 {[%emt 0:00:03]} 64. Kf3 {[%emt 0:00:07]} Ke5 {[%emt 0:00:05]} 65. Ke2 {[%emt 0:00:03]} Nc5 {[%emt 0:00:09]} 66. Bc4 {[%emt 0:00:05]} Bd8 {[%emt 0:00:10]} 67. Ba2 {[%emt 0:00:09]} Bh4 {[%emt 0:00:05]} 68. f4+ {[%emt 0:00:06]} Kd6 {[%emt 0:00:24]} 69. Kf3 {[%emt 0:00:07]} Na4 {[%emt 0:00:52]} 70. Bb3 {[%emt 0:00:07]} Nc3 {[%emt 0:00:07]} 71. e4 {[%emt 0:00:14]} Nb5 {[%emt 0:00:17]} 72. e5+ {[%emt 0:00:03]} Ke7 {[%emt 0:00:14]} 73. Kg4 {[%emt 0:00:04]} Be1 {[%emt 0:00:05]} 74. Bc2 {[%emt 0:00:03]} Nd4 {[%emt 0:00:04]} 75. Bb1 {[%emt 0:00:04]} Nc6 {[%emt 0:00:23]} 76. f5 {[%emt 0:00:08]} Nxe5+ {[%emt 0:00:04]} 77. Kh3 {[%emt 0:00:02]} 1/2-1/2

[Event "RUS-ch Rapid Men 2018"]
[Site "Sochi"]
[Date "2018.10.05"]
[Round "1"]
[White "Maletin, Pavel"]
[Black "Kharitonov, Egor"]
[Result "1-0"]
[WhiteElo "2586"]
[BlackElo "2387"]
[Annotator "TA"]
[PlyCount "59"]
[EventDate "2018.10.05"]
[EventType "swiss"]
[EventCountry "RUS"]
[SourceTitle "playchess.com"]
[Source "ChessBase"]
[SourceQuality "1"]

{[%evp 20,59,33,0,4,-23,74,58,122,90,76,94,88,102,171,166,161,157,162,122,604,616,584,579,568,312,316,316,310,306,330,336,333,335,327,302,564,556,1105,1069,956,907]} 1. c4 e6 2. g3 d5 3. Bg2 Nf6 4. Nf3 Be7 5. O-O O-O 6. d4 Nbd7 7. Qc2 c6 8. b3 b6 9. Rd1 Bb7 10. Nc3 Ba6 {E08: Katalanisch} (10... Rc8 11. e4 c5 12. dxc5 dxc4 13. b4 a5 14. a3 axb4 15. axb4 bxc5 16. b5 Qc7 17. Bf4 e5 18. Bg5 Nb6 19. Nd2 {½-½ (32) Nakamura,H (2787)-Carlsen,M (2855) Bilbao 2016}) 11. Bf4 {LiveBook: 9 Partien} Nh5 12. Be5 $146 ({Vorgänger:} 12. Bc1 f5 13. a4 Rc8 14. e3 dxc4 15. Qe2 c5 16. bxc4 Nhf6 17. Nb5 {1-0 (33) Nguyen,A (2454)-Patil,P (2280) Abu Dhabi 2018}) 12... Nxe5 (12... f6 $11 {bleibt in der Remisbreite.} 13. Bf4 Nxf4 14. gxf4 Qe8) 13. dxe5 $16 Qc7 (13... g6 $14) 14. Qd2 g6 15. cxd5 cxd5 16. Rac1 {[#] zielt auf Sxd5 ab.} Ba3 (16... Qb7 $16 {war einen Versuch wert.}) 17. g4 $18 {Tc2 ist eine echte Drohung.} ({Schlechter ist} 17. Nxd5 Qd7 $15) 17... Bxc1 18. Rxc1 Ng7 19. Qh6 {Droht stark Sg5.} f6 $2 {[%mdl 8192] [#]} (19... Rfc8 $16) 20. Nxd5 $1 {[%mdl 512]} Qxc1+ (20... exd5 21. Rxc7) 21. Qxc1 exd5 22. Nd4 Bb7 23. exf6 Rxf6 24. Qg5 Raf8 25. Bxd5+ Bxd5 26. Qxd5+ Kh8 27. f3 Ne8 $2 (27... R6f7 28. Kf2 Rc7) 28. Ne6 {Weiß steht klar auf Gewinn.} R8f7 29. g5 Rf5 30. Qd8 {Precision: Weiß = 65%, Schwarz = 24%.} 1-0

[Event "RUS-ch Rapid Men 2018"]
[Site "Sochi"]
[Date "2018.10.05"]
[Round "1"]
[White "Sakaev, Konstantin"]
[Black "Pshmahov, Osman"]
[Result "1-0"]
[WhiteElo "2584"]
[BlackElo "2011"]
[Annotator "ChessBase"]
[PlyCount "78"]
[EventDate "2018.10.05"]
[EventType "swiss"]
[EventCountry "RUS"]
[SourceTitle "playchess.com"]
[Source "ChessBase"]
[SourceQuality "1"]
[TimeControl "900+10"]

1. d4 {[%emt 0:00:00]} Nf6 {[%emt 0:00:00]} 2. c4 {[%emt 0:00:00]} e6 {[%emt 0:00:00]} 3. Nc3 {[%emt 0:00:00]} d5 {[%emt 0:00:00]} 4. cxd5 {[%emt 0:00:01]} exd5 {[%emt 0:00:00]} 5. Bg5 {[%emt 0:00:03]} Be7 {[%emt 0:00:01]} 6. e3 {[%emt 0:00:02]} c6 {[%emt 0:00:02]} 7. Bd3 {[%emt 0:00:02]} O-O {[%emt 0:00:03]} 8. Nge2 {[%emt 0:00:05]} h6 {[%emt 0:00:53]} 9. Bh4 {[%emt 0:00:03]} Nbd7 {[%emt 0:00:02]} 10. Qc2 {[%emt 0:00:07]} Re8 {[%emt 0:01:44]} 11. O-O {[%emt 0:00:04]} Nf8 {[%emt 0:00:31]} 12. f3 {[%emt 0:00:10]} c5 {[%emt 0:00:25]} 13. Rad1 {[%emt 0:01:59]} c4 {[%emt 0:00:14]} 14. Bf5 {[%emt 0:00:02]} Bxf5 {[%emt 0:00:01]} 15. Qxf5 {[%emt 0:00:02]} Qd7 {[%emt 0:00:01]} 16. Qxd7 {[%emt 0:01:58]} N8xd7 {[%emt 0:00:02]} 17. Bf2 {[%emt 0:00:22]} Bd6 {[%emt 0:06:00]} 18. Ng3 {[%emt 0:01:18]} g6 {[%emt 0:00:18]} 19. Rfe1 {[%emt 0:00:03]} a6 {[%emt 0:04:01]} 20. e4 {[%emt 0:00:24]} Bb4 {[%emt 0:00:16]} 21. e5 {[%emt 0:01:45]} Bxc3 {[%emt 0:00:24]} 22. bxc3 {[%emt 0:00:03]} Nh7 {[%emt 0:00:01]} 23. Nf1 {[%emt 0:01:14]} b5 {[%emt 0:00:54]} 24. Ne3 {[%emt 0:00:03]} Nb6 {[%emt 0:00:01]} 25. f4 {[%emt 0:00:07]} f5 {[%emt 0:00:13]} 26. g4 {[%emt 0:00:04]} fxg4 {[%emt 0:00:50]} 27. Nxg4 {[%emt 0:00:02]} h5 {[%emt 0:00:02]} 28. Ne3 {[%emt 0:00:13]} Na4 {[%emt 0:01:44]} 29. Rc1 {[%emt 0:01:44]} Rad8 {[%emt 0:00:45]} 30. Bh4 {[%emt 0:00:12]} Rd7 {[%emt 0:00:00]} 31. f5 {[%emt 0:01:41]} gxf5 {[%emt 0:00:04]} 32. Nxf5 {[%emt 0:00:02]} Nf8 {[%emt 0:00:04]} 33. Re3 {[%emt 0:01:03]} Ne6 {[%emt 0:00:26]} 34. Kh1 {[%emt 0:00:39]} Kh7 {[%emt 0:00:05]} 35. Ng3 {[%emt 0:00:55]} Kh6 {[%emt 0:00:31]} 36. Rf1 {[%emt 0:00:35]} Ng7 {[%emt 0:00:11]} 37. Rf6+ {[%emt 0:01:06]} Kh7 {[%emt 0:00:01]} 38. Rxa6 {[%emt 0:00:12]} Rf8 {[%emt 0:00:13]} 39. Bf6 {[%emt 0:01:27]} Ne6 {[%emt 0:00:11]} 1-0

[Event "RUS-ch Rapid Men 2018"]
[Site "Sochi"]
[Date "2018.10.05"]
[Round "1"]
[White "Rozum, Ivan"]
[Black "Sargsyan, Anatoly"]
[Result "1-0"]
[WhiteElo "2576"]
[BlackElo "1900"]
[Annotator "ChessBase"]
[PlyCount "73"]
[EventDate "2018.10.05"]
[EventType "swiss"]
[EventCountry "RUS"]
[SourceTitle "playchess.com"]
[Source "ChessBase"]
[SourceQuality "1"]
[TimeControl "900+10"]

1. e4 {[%emt 0:00:00]} c5 {[%emt 0:00:00]} 2. Nf3 {[%emt 0:00:00]} Nc6 {[%emt 0:00:00]} 3. Bb5 {[%emt 0:00:02]} g6 {[%emt 0:00:00]} 4. Bxc6 {[%emt 0:00:05]} dxc6 {[%emt 0:00:00]} 5. h3 {[%emt 0:00:06]} Bg7 {[%emt 0:00:00]} 6. d3 {[%emt 0:00:01]} Nf6 {[%emt 0:00:25]} 7. Nc3 {[%emt 0:00:05]} O-O {[%emt 0:00:03]} 8. Be3 {[%emt 0:00:02]} b6 {[%emt 0:00:03]} 9. Qd2 {[%emt 0:00:02]} Ne8 {[%emt 0:00:15]} 10. Bh6 {[%emt 0:00:04]} f6 {[%emt 0:00:09]} 11. O-O {[%emt 0:00:47]} e5 {[%emt 0:00:10]} 12. Nh2 {[%emt 0:00:33]} g5 {[%emt 0:01:04]} 13. Bxg7 {[%emt 0:00:11]} Nxg7 {[%emt 0:00:10]} 14. Ne2 {[%emt 0:00:40]} Ne6 {[%emt 0:00:54]} 15. Ng4 {[%emt 0:00:35]} h5 {[%emt 0:06:57]} 16. Ne3 {[%emt 0:00:35]} h4 {[%emt 0:03:22]} 17. g3 {[%emt 0:01:13]} Nd4 {[%emt 0:00:54]} 18. Kg2 {[%emt 0:00:08]} Kf7 {[%emt 0:01:21]} 19. gxh4 {[%emt 0:01:29]} Rh8 {[%emt 0:00:30]} 20. c3 {[%emt 0:05:21]} Nxe2 {[%emt 0:01:20]} 21. Qxe2 {[%emt 0:00:02]} Rxh4 {[%emt 0:00:00]} 22. Ng4 {[%emt 0:00:27]} Qh8 {[%emt 0:00:13]} 23. Rh1 {[%emt 0:00:14]} Be6 {[%emt 0:00:19]} 24. f3 {[%emt 0:00:05]} Rd8 {[%emt 0:00:04]} 25. Rad1 {[%emt 0:00:08]} a5 {[%emt 0:00:26]} 26. Qf2 {[%emt 0:01:02]} Bxa2 {[%emt 0:00:24]} 27. b4 {[%emt 0:00:23]} Bb3 {[%emt 0:00:07]} 28. Rb1 {[%emt 0:00:02]} a4 {[%emt 0:00:13]} 29. bxc5 {[%emt 0:00:02]} b5 {[%emt 0:00:13]} 30. d4 {[%emt 0:00:06]} exd4 31. cxd4 {[%emt 0:00:02]} Qe8 {[%emt 0:00:20]} 32. Rhe1 {[%emt 0:01:34]} Qd7 {[%emt 0:00:04]} 33. d5 {[%emt 0:00:01]} cxd5 {[%emt 0:00:08]} 34. e5 {[%emt 0:00:03]} Kg6 {[%emt 0:00:21]} 35. exf6 {[%emt 0:00:12]} Kh7 {[%emt 0:00:10]} 36. Re7+ {[%emt 0:00:03]} Qxe7 {[%emt 0:00:02]} 37. fxe7 {[%emt 0:00:01]} 1-0

[Event "RUS-ch Rapid Men 2018"]
[Site "Sochi"]
[Date "2018.10.05"]
[Round "1"]
[White "Panarin, Mikhail"]
[Black "Mrykhin, Igor"]
[Result "0-1"]
[WhiteElo "2562"]
[BlackElo "2117"]
[Annotator "ChessBase"]
[PlyCount "66"]
[EventDate "2018.10.05"]
[EventType "swiss"]
[EventCountry "RUS"]
[SourceTitle "playchess.com"]
[Source "ChessBase"]
[SourceQuality "1"]
[TimeControl "900+10"]

1. d4 {[%emt 0:00:00]} Nf6 {[%emt 0:00:00]} 2. g3 {[%emt 0:00:00]} c5 {[%emt 0:00:06]} 3. Nf3 {[%emt 0:00:00]} cxd4 {[%emt 0:00:14]} 4. Nxd4 {[%emt 0:00:01]} e5 {[%emt 0:00:25]} 5. Nb3 {[%emt 0:00:02]} d5 {[%emt 0:00:31]} 6. Bg2 {[%emt 0:00:03]} Nc6 {[%emt 0:00:36]} 7. O-O {[%emt 0:00:11]} Be6 {[%emt 0:00:30]} 8. Bg5 {[%emt 0:00:10]} Qd7 {[%emt 0:02:22]} 9. Bxf6 {[%emt 0:02:26]} gxf6 {[%emt 0:00:03]} 10. Nc3 {[%emt 0:00:01]} e4 {[%emt 0:03:10]} 11. e3 {[%emt 0:05:03]} h5 {[%emt 0:00:18]} 12. h4 {[%emt 0:03:36]} O-O-O {[%emt 0:00:53]} 13. Nb5 {[%emt 0:01:12]} Bg4 {[%emt 0:02:21]} 14. Qd2 {[%emt 0:00:24]} Ne5 {[%emt 0:01:11]} 15. N5d4 {[%emt 0:01:20]} Kb8 {[%emt 0:01:18]} 16. Na5 {[%emt 0:01:01]} Bc5 {[%emt 0:00:26]} 17. Kh1 {[%emt 0:00:25]} Bh3 {[%emt 0:00:44]} 18. Nab3 {[%emt 0:00:19]} Bb6 {[%emt 0:00:28]} 19. Kh2 {[%emt 0:00:23]} Bxg2 {[%emt 0:00:57]} 20. Kxg2 {[%emt 0:00:01]} Rhg8 {[%emt 0:00:16]} 21. Qe2 {[%emt 0:00:10]} Rg4 {[%emt 0:00:22]} 22. Rh1 {[%emt 0:00:02]} Rdg8 {[%emt 0:00:06]} 23. a4 {[%emt 0:00:11]} f5 {[%emt 0:00:06]} 24. Kf1 {[%emt 0:00:02]} Nc4 {[%emt 0:00:34]} 25. c3 {[%emt 0:00:21]} f4 {[%emt 0:00:28]} 26. exf4 {[%emt 0:00:58]} e3 {[%emt 0:00:05]} 27. a5 {[%emt 0:00:42]} Bxd4 {[%emt 0:00:03]} 28. Nxd4 {[%emt 0:00:06]} exf2 {[%emt 0:00:18]} 29. b3 {[%emt 0:00:22]} Nd6 {[%emt 0:00:12]} 30. Qe5 {[%emt 0:00:13]} Re8 {[%emt 0:00:14]} 31. Qxd5 {[%emt 0:00:06]} Rxg3 {[%emt 0:00:08]} 32. Ra2 {[%emt 0:00:14]} Re1+ {[%emt 0:00:12]} 33. Kxf2 {[%emt 0:00:01]} Ne4+ {[%emt 0:00:02]} 0-1

[Event "RUS-ch Rapid Men 2018"]
[Site "Sochi"]
[Date "2018.10.05"]
[Round "1"]
[White "Iljiushenok, Ilia"]
[Black "Esipenko, Aleksandr"]
[Result "1-0"]
[WhiteElo "2532"]
[BlackElo "2026"]
[Annotator "ChessBase"]
[PlyCount "107"]
[EventDate "2018.10.05"]
[EventType "swiss"]
[EventCountry "RUS"]
[SourceTitle "playchess.com"]
[Source "ChessBase"]
[SourceQuality "1"]
[TimeControl "900+10"]

1. Nf3 {[%emt 0:00:00]} d5 {[%emt 0:00:00]} 2. c4 {[%emt 0:00:00]} e6 {[%emt 0:00:01]} 3. g3 {[%emt 0:00:00]} Nf6 {[%emt 0:00:21]} 4. Bg2 {[%emt 0:00:00]} b6 {[%emt 0:00:13]} 5. O-O {[%emt 0:00:08]} Bb7 {[%emt 0:00:01]} 6. cxd5 {[%emt 0:00:31]} exd5 {[%emt 0:00:02]} 7. d4 {[%emt 0:00:08]} Bd6 {[%emt 0:00:02]} 8. Nc3 {[%emt 0:00:10]} O-O {[%emt 0:00:05]} 9. Nb5 {[%emt 0:00:12]} Be7 {[%emt 0:00:02]} 10. Bf4 {[%emt 0:00:06]} Na6 {[%emt 0:00:02]} 11. Ne5 {[%emt 0:01:37]} c6 {[%emt 0:01:04]} 12. Nc3 {[%emt 0:00:14]} Nc7 {[%emt 0:00:58]} 13. Rc1 {[%emt 0:01:11]} Ne6 {[%emt 0:01:15]} 14. Be3 {[%emt 0:00:02]} Nd7 {[%emt 0:01:11]} 15. Nd3 {[%emt 0:01:01]} Bd6 {[%emt 0:00:53]} 16. f4 {[%emt 0:01:00]} f5 {[%emt 0:01:47]} 17. Ne5 {[%emt 0:00:00]} Nxe5 {[%emt 0:01:04]} 18. fxe5 {[%emt 0:01:16]} Be7 {[%emt 0:00:05]} 19. Qd2 {[%emt 0:01:10]} Bg5 {[%emt 0:02:37]} 20. Bxg5 {[%emt 0:00:12]} Qxg5 {[%emt 0:00:08]} 21. e3 {[%emt 0:00:02]} Rae8 {[%emt 0:00:31]} 22. Rf2 {[%emt 0:00:03]} Qe7 {[%emt 0:00:22]} 23. a3 {[%emt 0:00:21]} Rf7 {[%emt 0:00:51]} 24. b4 {[%emt 0:00:34]} b5 {[%emt 0:00:10]} 25. Ne2 {[%emt 0:00:58]} Ra8 {[%emt 0:01:18]} 26. Rcf1 {[%emt 0:00:07]} g6 {[%emt 0:00:04]} 27. g4 {[%emt 0:02:07]} Ng7 {[%emt 0:00:28]} 28. Ng3 {[%emt 0:00:13]} Bc8 {[%emt 0:00:05]} 29. e4 {[%emt 0:00:18]} dxe4 {[%emt 0:01:11]} 30. Nxe4 {[%emt 0:00:01]} Be6 31. Nf6+ Kh8 {[%emt 0:02:12]} 32. Bxc6 {[%emt 0:00:18]} Rd8 {[%emt 0:00:01]} 33. g5 {[%emt 0:01:23]} Bc4 {[%emt 0:00:25]} 34. Rd1 {[%emt 0:00:01]} a5 {[%emt 0:00:34]} 35. Bg2 {[%emt 0:00:56]} axb4 {[%emt 0:00:19]} 36. axb4 {[%emt 0:00:05]} Qa7 {[%emt 0:00:07]} 37. d5 {[%emt 0:00:11]} Re7 {[%emt 0:00:07]} 38. Re1 {[%emt 0:00:26]} Ne6 {[%emt 0:00:24]} 39. h4 {[%emt 0:00:31]} Nd4 {[%emt 0:00:08]} 40. Qe3 {[%emt 0:00:13]} Nb3 {[%emt 0:00:18]} 41. Qxa7 {[%emt 0:00:11]} Rxa7 {[%emt 0:00:01]} 42. e6 {[%emt 0:00:56]} Re7 {[%emt 0:00:01]} 43. Rf4 {[%emt 0:00:02]} Kg7 {[%emt 0:00:13]} 44. Kh2 {[%emt 0:00:49]} Rd6 {[%emt 0:00:09]} 45. Kg3 {[%emt 0:00:35]} Rd8 {[%emt 0:00:10]} 46. Rd1 {[%emt 0:00:39]} Rd6 {[%emt 0:00:19]} 47. Bf3 {[%emt 0:00:00]} Kf8 {[%emt 0:00:03]} 48. h5 Kg7 49. hxg6 {[%emt 0:00:11]} Kxg6 {[%emt 0:00:02]} 50. Kh4 {[%emt 0:00:25]} Rd8 {[%emt 0:00:39]} 51. Bh5+ {[%emt 0:00:13]} Kg7 {[%emt 0:00:01]} 52. Bf7 {[%emt 0:00:02]} h6 {[%emt 0:00:14]} 53. Nh5+ {[%emt 0:00:06]} Kh8 {[%emt 0:00:14]} 54. g6 {[%emt 0:00:01]} 1-0

[Event "RUS-ch Rapid Men 2018"]
[Site "Sochi"]
[Date "2018.10.05"]
[Round "1"]
[White "Demidov, Mikhail"]
[Black "Potapenko, Denis"]
[Result "1-0"]
[WhiteElo "2514"]
[BlackElo "2158"]
[Annotator "ChessBase"]
[PlyCount "111"]
[EventDate "2018.10.05"]
[EventType "swiss"]
[EventCountry "RUS"]
[SourceTitle "playchess.com"]
[Source "ChessBase"]
[SourceQuality "1"]
[TimeControl "900+10"]

1. Nf3 {[%emt 0:00:00]} d5 {[%emt 0:00:00]} 2. g3 {[%emt 0:00:00]} Nc6 {[%emt 0:00:00]} 3. c4 {[%emt 0:00:16]} d4 {[%emt 0:00:05]} 4. Bg2 {[%emt 0:00:04]} e5 {[%emt 0:00:04]} 5. O-O {[%emt 0:00:15]} e4 {[%emt 0:01:43]} 6. Ne1 {[%emt 0:00:11]} Nf6 {[%emt 0:00:03]} 7. d3 {[%emt 0:00:07]} Bf5 {[%emt 0:00:42]} 8. Bg5 {[%emt 0:00:22]} exd3 {[%emt 0:03:35]} 9. exd3 {[%emt 0:00:06]} h6 {[%emt 0:00:40]} 10. Bxf6 {[%emt 0:00:12]} Qxf6 {[%emt 0:00:04]} 11. Nd2 {[%emt 0:00:06]} h5 {[%emt 0:02:29]} 12. h4 {[%emt 0:00:37]} Bg4 {[%emt 0:00:31]} 13. Nef3 {[%emt 0:00:41]} Qf5 {[%emt 0:01:07]} 14. Re1+ {[%emt 0:01:21]} Be7 {[%emt 0:00:24]} 15. Qb3 {[%emt 0:01:52]} Rb8 {[%emt 0:00:43]} 16. Qa3 {[%emt 0:02:17]} Kf8 {[%emt 0:00:58]} 17. Rxe7 {[%emt 0:01:08]} Nxe7 {[%emt 0:00:04]} 18. Re1 {[%emt 0:01:11]} Qf6 {[%emt 0:00:42]} 19. Qxa7 {[%emt 0:01:45]} Nc6 {[%emt 0:00:23]} 20. Qa3+ {[%emt 0:00:36]} Qd6 {[%emt 0:00:07]} 21. c5 {[%emt 0:00:05]} Qf6 {[%emt 0:00:50]} 22. b4 {[%emt 0:00:06]} Re8 {[%emt 0:00:31]} 23. Rxe8+ {[%emt 0:00:49]} Kxe8 {[%emt 0:00:02]} 24. b5 {[%emt 0:00:06]} Nd8 {[%emt 0:00:10]} 25. Ne4 {[%emt 0:00:08]} Qe7 {[%emt 0:00:22]} 26. Qb4 {[%emt 0:01:13]} Ne6 {[%emt 0:00:36]} 27. Nxd4 {[%emt 0:00:16]} f5 {[%emt 0:00:39]} 28. Nxe6 {[%emt 0:00:50]} fxe4 {[%emt 0:00:12]} 29. Nf4 {[%emt 0:00:01]} e3 {[%emt 0:00:25]} 30. fxe3 {[%emt 0:00:16]} Qxe3+ {[%emt 0:00:04]} 31. Kh2 {[%emt 0:00:02]} g5 {[%emt 0:00:33]} 32. hxg5 {[%emt 0:01:18]} h4 {[%emt 0:00:07]} 33. Qe4+ {[%emt 0:00:01]} Qxe4 {[%emt 0:00:03]} 34. Bxe4 {[%emt 0:00:02]} hxg3+ {[%emt 0:00:44]} 35. Kxg3 {[%emt 0:00:02]} Bd7 {[%emt 0:00:11]} 36. a4 {[%emt 0:00:09]} c6 {[%emt 0:00:16]} 37. d4 {[%emt 0:00:52]} Kf7 {[%emt 0:00:26]} 38. Ng6 {[%emt 0:00:13]} Rh3+ {[%emt 0:00:13]} 39. Kf4 {[%emt 0:00:02]} cxb5 {[%emt 0:00:19]} 40. Ne5+ {[%emt 0:00:45]} Ke7 {[%emt 0:00:04]} 41. axb5 {[%emt 0:00:44]} Bxb5 {[%emt 0:00:08]} 42. Bxb7 {[%emt 0:00:10]} Rh4+ {[%emt 0:00:06]} 43. Ke3 {[%emt 0:00:06]} Ke6 {[%emt 0:00:17]} 44. Bf3 {[%emt 0:00:19]} Kf5 {[%emt 0:00:14]} 45. g6 {[%emt 0:00:07]} Kf6 {[%emt 0:00:05]} 46. c6 {[%emt 0:00:20]} Rh8 {[%emt 0:00:17]} 47. Be4 {[%emt 0:00:13]} Re8 {[%emt 0:00:16]} 48. Kf4 {[%emt 0:00:03]} Ba6 {[%emt 0:00:04]} 49. Nd7+ {[%emt 0:00:18]} Kg7 {[%emt 0:00:05]} 50. d5 {[%emt 0:00:03]} Bc8 {[%emt 0:00:03]} 51. Nb6 {[%emt 0:00:11]} Rf8+ {[%emt 0:00:03]} 52. Ke5 {[%emt 0:00:02]} Re8+ {[%emt 0:00:05]} 53. Kd4 {[%emt 0:00:01]} Ba6 {[%emt 0:00:36]} 54. c7 {[%emt 0:00:05]} Kf6 {[%emt 0:00:05]} 55. d6 {[%emt 0:00:03]} Ke6 {[%emt 0:00:17]} 56. d7 {[%emt 0:00:03] Kd5+} 1-0